The noble scholar, jurist, historian


 His Excellency Dr. Abdul Wahhab bin Ibrahim Abu Sulaiman, may Allah have mercy on him.


 He was born in Umm Al-Qura in the year 1356 AH.

نظام الحكم في الإسلام / (Record no. 11797)

MARC details
000 -LEADER
fixed length control field 00914cam a22002411i 4500
003 - CONTROL NUMBER IDENTIFIER
control field SA-RiAUC
005 - DATE AND TIME OF LATEST TRANSACTION
control field 20250916111948.0
008 - FIXED-LENGTH DATA ELEMENTS--GENERAL INFORMATION
fixed length control field 250818s1962 ua g i00010 ara c
040 ## - CATALOGING SOURCE
Original cataloging agency SA-JeALM
Language of cataloging ara
Transcribing agency SA-RiAUC
Description conventions rda
050 #4 - LIBRARY OF CONGRESS CALL NUMBER
Item number .M87 1962
082 04 - DEWEY DECIMAL CLASSIFICATION NUMBER
Classification number 257.1
Assigning agency SA-RiAUC
090 ## - LOCALLY ASSIGNED LC-TYPE CALL NUMBER (OCLC); LOCAL CALL NUMBER (RLIN)
Classification number (OCLC) (R) ; Classification number, CALL (RLIN) (NR) 257.1
Local cutter number (OCLC) ; Book number/undivided call number, CALL (RLIN) م و س
100 1# - MAIN ENTRY--PERSONAL NAME
Personal name موسى، محمد يوسف،
Dates associated with a name 1899-1963
Relator term مؤلف.
245 10 - TITLE STATEMENT
Title نظام الحكم في الإسلام /
Statement of responsibility, etc. محمد يوسف موسى.
264 #1 - PRODUCTION, PUBLICATION, DISTRIBUTION, MANUFACTURE, AND COPYRIGHT NOTICE
Place of production, publication, distribution, manufacture القاهرة :
Name of producer, publisher, distributor, manufacturer جامعة الدول العربية، معهد الدراسات العربية العالية،
Date of production, publication, distribution, manufacture, or copyright notice 1962
300 ## - PHYSICAL DESCRIPTION
Extent 152 صفحة ؛
Dimensions 24 سم
336 ## - CONTENT TYPE
Content type term نص
Content type code txt
Source rdacontent
Materials specified كتاب
337 ## - MEDIA TYPE
Media type term بدون وسيط
Media type code n
Source rdamedia
338 ## - CARRIER TYPE
Carrier type term مجلد
Carrier type code nc
Source rdacarrier
650 #7 - SUBJECT ADDED ENTRY--TOPICAL TERM
Topical term or geographic name entry element نظم الحكم في الإسلام
Source of heading or term aucsh
942 ## - ADDED ENTRY ELEMENTS (KOHA)
Source of classification or shelving scheme Dewey Decimal Classification
Koha item type Books
Suppress in OPAC No
949 ## - LOCAL PROCESSING INFORMATION (OCLC)
a SA-JeALM
d 250818
u osman123
n 1

No items available.